000 00315 a2200109 4500
001 ART_8445
005 20260410161833.0
008 260409a
245 1 0 _aEl costo de importar
100 1 _aFratalocchi, Aldo
773 0 _tContabilidad y administración
_g- Año 3, Nº 25 (jul. 1979)
_wREV5485
999 _c23422
_d23422